[Event "VI C.to Italiano U20"]
[Site "Porto San Giorgio ITA"]
[Date "1998.08.22"]
[Round "2"]
[White "Cacco, Christian"]
[Black "Pulito, Alberto"]
[Result "0-1"]
[WhiteElo "2190"]
[BlackElo "1774"]
[PlyCount "80"]
[EventDate "1998.08.21"]

1. d4 Nf6 2. Nf3 g6 3. c4 Bg7 4. Nc3 d6 5. e4 O-O 6. Be2 e5 7. O-O Nc6 8. d5
Ne7 9. Ne1 Ne8 10. Nc2 f5 11. exf5 gxf5 12. f4 Nf6 13. Be3 a6 14. Qd2 Ng6 15.
fxe5 dxe5 16. Bg5 Qe7 17. b4 b6 18. Rad1 Qd6 19. Qe3 f4 20. Qf2 Ng4 21. Bxg4
Bxg4 22. Ne4 Qd7 23. d6 Bxd1 24. Rxd1 h6 25. Qf3 hxg5 26. Qh5 Qf5 27. Nxg5 Nh8
28. Ne1 Nf7 29. h4 Nxd6 30. c5 bxc5 31. bxc5 Ne4 32. Nef3 Nxg5 33. hxg5 e4 34.
Nh4 Qxc5+ 35. Kh1 Rad8 36. Re1 Rd5 37. Qg6 Rxg5 38. Qe6+ Kh8 39. Rd1 Rh5 40.
Qh3 Qg5 0-1

[Event "VI C.to Italiano U20"]
[Site "Porto San Giorgio ITA"]
[Date "1998.08.22"]
[Round "2"]
[White "Drabke, Lorenz Maximilian"]
[Black "Genocchio, Daniele"]
[Result "0-1"]
[WhiteElo "1906"]
[BlackElo "2195"]
[PlyCount "54"]
[EventDate "1998.08.21"]

1. e4 c5 2. Nf3 d6 3. d4 cxd4 4. Nxd4 Nf6 5. f3 Nc6 6. c4 Qb6 7. Nc2 g6 8. Nc3
Bg7 9. Rb1 Ng4 10. Qd2 Nge5 11. Qf2 Qd8 12. Be3 O-O 13. Nd4 f5 14. exf5 Nxd4
15. Bxd4 Rxf5 16. Be2 Rf4 17. Rd1 Be6 18. b3 Rxd4 19. Rxd4 Nc6 20. Rd3 Nb4 21.
Nb5 a6 22. Nd4 Nxd3+ 23. Bxd3 Qa5+ 24. Kd1 Bf7 25. Re1 Qc3 26. Qd2 Qa1+ 27. Kc2
Qxa2+ 0-1

[Event "VI C.to Italiano U20"]
[Site "Porto San Giorgio ITA"]
[Date "1998.08.22"]
[Round "2"]
[White "Mariano, Elia"]
[Black "Barbiso, Tiziana"]
[Result "1-0"]
[WhiteElo "2250"]
[BlackElo "1846"]
[PlyCount "69"]
[EventDate "1998.08.21"]

1. d4 d5 2. c4 e6 3. Nc3 Nf6 4. cxd5 exd5 5. Bg5 Be7 6. e3 O-O 7. Bd3 Re8 8.
Nge2 Nbd7 9. O-O Nf8 10. f3 Ne6 11. Bh4 c6 12. Kh1 b6 13. Qc2 h6 14. Bf2 Bb7
15. e4 dxe4 16. fxe4 c5 17. d5 Nf8 18. Ng3 Ng6 19. Nf5 Ne5 20. Nxe7+ Qxe7 21.
Bb5 Red8 22. Bh4 Rd6 23. Rf5 a6 24. Be2 Bc8 25. Rxe5 Qxe5 26. Bg3 Qe7 27. e5
Rd8 28. d6 Qe6 29. exf6 Qxf6 30. Bf3 Ra7 31. Nd5 Qe6 32. Re1 Qg6 33. Qxg6 fxg6
34. Ne7+ Kh7 35. Nc6 1-0

[Event "VI C.to Italiano U20"]
[Site "Porto San Giorgio ITA"]
[Date "1998.08.22"]
[Round "2"]
[White "Piscopo, Pierluigi"]
[Black "Stoll, Thomas"]
[Result "0-1"]
[WhiteElo "1930"]
[BlackElo "2280"]
[PlyCount "80"]
[EventDate "1998.08.21"]

1. e4 c5 2. Nf3 d6 3. d4 cxd4 4. Nxd4 Nf6 5. Nc3 g6 6. f3 Bg7 7. Be3 O-O 8. Qd2
Nc6 9. O-O-O d5 10. Qe1 e6 11. g4 e5 12. Nxc6 bxc6 13. exd5 Nxd5 14. h4 Be6 15.
Bc4 Re8 16. h5 Qf6 17. hxg6 hxg6 18. Nxd5 cxd5 19. Bxd5 Bxd5 20. Rxd5 Qxf3 21.
Rd7 Rad8 22. Rf1 Qxf1 23. Qxf1 Rxd7 24. c4 e4 25. Qf2 Rd3 26. c5 Rb8 27. b3
Rbd8 28. Qe2 Rc3+ 29. Kb1 Rdd3 30. Bc1 Rxc5 31. Qxe4 Rd1 32. Qe3 Rdxc1+ 33.
Qxc1 Rxc1+ 34. Kxc1 Kf8 35. Kd2 Ke7 36. Kd3 Ke6 37. b4 Kd5 38. a4 Bd4 39. a5 a6
40. g5 Bg1 0-1

[Event "VI C.to Italiano U20"]
[Site "Porto San Giorgio ITA"]
[Date "1998.08.23"]
[Round "3"]
[White "Castaldo, Folco"]
[Black "Pulito, Alberto"]
[Result "1/2-1/2"]
[WhiteElo "2180"]
[BlackElo "1774"]
[PlyCount "95"]
[EventDate "1998.08.21"]

1. e4 e6 2. d4 d5 3. Nd2 Nf6 4. e5 Nfd7 5. Bd3 c5 6. c3 Nc6 7. Ne2 cxd4 8. cxd4
f6 9. exf6 Qxf6 10. Nf3 h6 11. O-O Bd6 12. Bb1 O-O 13. Qd3 Rd8 14. g3 Nf8 15.
Bf4 Bxf4 16. Nxf4 a6 17. a3 Bd7 18. Re1 Na5 19. Ne5 Rac8 20. Qd1 Nc4 21. b3 Nd6
22. Bd3 Bb5 23. Rc1 Rxc1 24. Qxc1 Bxd3 25. Nfxd3 Rc8 26. Qb2 b6 27. Rc1 Rxc1+
28. Qxc1 Nb5 29. Qb2 Qd8 30. a4 Nd6 31. Qc3 Qc8 32. Nc6 Kh8 33. Nde5 Qc7 34.
Qf3 Kg8 35. Qe2 b5 36. a5 Nb7 37. Qd2 Nd8 38. Nxd8 Qxd8 39. Qc3 Qe8 40. Qc7 Ng6
41. Nc6 Qf8 42. b4 Qf5 43. Qc8+ Kh7 44. Qxa6 Qb1+ 45. Kg2 Qe4+ 46. Kf1 Qb1+ 47.
Ke2 Qc2+ 48. Ke1 1/2-1/2

[Event "VI C.to Italiano U20"]
[Site "Porto San Giorgio ITA"]
[Date "1998.08.23"]
[Round "3"]
[White "Genocchio, Daniele"]
[Black "Coratella, Giuseppe"]
[Result "1-0"]
[WhiteElo "2195"]
[BlackElo "1939"]
[PlyCount "67"]
[EventDate "1998.08.21"]

1. e4 e6 2. d4 d5 3. e5 c5 4. c3 Nc6 5. Nf3 Qb6 6. a3 Bd7 7. b4 cxb4 8. cxb4
Rc8 9. Bb2 Na5 10. Nbd2 Nc4 11. Nxc4 dxc4 12. Rc1 a5 13. Nd2 axb4 14. Nxc4 Qd8
15. axb4 Bxb4+ 16. Bc3 Bxc3+ 17. Rxc3 Kf8 18. Qa1 Bc6 19. Nd6 Ra8 20. Ra3 Rxa3
21. Qxa3 Ne7 22. f3 g6 23. Bb5 Bxb5 24. Nxb5 Kg7 25. O-O Nf5 26. Qd3 Qd5 27. g4
Ne7 28. Nc3 Qd7 29. Ne4 Rd8 30. Rd1 Qd5 31. Qe3 h6 32. h4 Nc6 33. Nd6 Rd7 34.
Ne8+ 1-0

[Event "VI C.to Italiano U20"]
[Site "Porto San Giorgio ITA"]
[Date "1998.08.23"]
[Round "3"]
[White "Picciotti, Francesco"]
[Black "Cacco, Christian"]
[Result "0-1"]
[WhiteElo "1732"]
[BlackElo "2190"]
[PlyCount "50"]
[EventDate "1998.08.21"]

1. e4 g6 2. d4 Bg7 3. Nc3 c6 4. f4 d5 5. e5 h5 6. h3 Nh6 7. Nf3 Nf5 8. Bd3 Ng3
9. Rg1 Bf5 10. Be3 h4 11. Nxh4 Rxh4 12. Bf2 Rxf4 13. Bxg3 Rxd4 14. Ne2 Qa5+ 15.
Kf1 Bxd3 16. cxd3 Ra4 17. a3 Qa6 18. d4 c5 19. Kf2 Nc6 20. dxc5 Bxe5 21. Re1
Bxb2 22. Rb1 Bxa3 23. Nc3 Bxc5+ 24. Kf3 Nd4+ 25. Kg4 f5+ 0-1

[Event "VI C.to Italiano U20"]
[Site "Porto San Giorgio ITA"]
[Date "1998.08.23"]
[Round "3"]
[White "Stoll, Thomas"]
[Black "Mariano, Elia"]
[Result "1/2-1/2"]
[WhiteElo "2280"]
[BlackElo "2250"]
[PlyCount "61"]
[EventDate "1998.08.21"]

1. e4 d5 2. exd5 Qxd5 3. Nc3 Qa5 4. d4 Nf6 5. Nf3 Bg4 6. h3 Bh5 7. g4 Bg6 8.
Ne5 e6 9. Bg2 c6 10. h4 Be4 11. Bxe4 Nxe4 12. Qf3 Nd6 13. Bd2 f6 14. Nd3 Nd7
15. Ne4 Qd5 16. Nxd6+ Bxd6 17. Qxd5 exd5 18. Bf4 Bxf4 19. Nxf4 Kf7 20. Kd2 Rae8
21. Rae1 Nb6 22. b3 Nc8 23. f3 Nd6 24. Kd3 Rxe1 25. Rxe1 Re8 26. Rxe8 Nxe8 27.
c4 Nc7 28. b4 Ke7 29. a4 Ne6 30. Nxe6 Kxe6 31. c5 1/2-1/2

[Event "VI C.to Italiano U20"]
[Site "Porto San Giorgio ITA"]
[Date "1998.08.24"]
[Round "4"]
[White "Coratella, Giuseppe"]
[Black "De Bortoli, Peter"]
[Result "0-1"]
[WhiteElo "1939"]
[BlackElo "2215"]
[PlyCount "68"]
[EventDate "1998.08.21"]

1. e4 c5 2. Nf3 e6 3. d4 cxd4 4. Nxd4 a6 5. Nc3 Qc7 6. g3 Nf6 7. Bg2 Nc6 8. Be3
h5 9. h3 Na5 10. O-O Nc4 11. Bc1 h4 12. g4 Bc5 13. b3 Ne5 14. Na4 Ba7 15. c4 d6
16. Be3 Bd7 17. Nb2 Ng6 18. Rc1 O-O 19. g5 Nh7 20. b4 e5 21. Nf5 Bxe3 22. fxe3
Nxg5 23. a3 Rad8 24. Qh5 Nh7 25. Nxh4 Nxh4 26. Qxh4 Rde8 27. Rfd1 Re6 28. Nd3
Rh6 29. Qg3 Rg6 30. Qh4 Ng5 31. Kh2 Bxh3 32. c5 Bxg2 33. Kxg2 Nxe4+ 34. Kf3 d5
0-1

[Event "VI C.to Italiano U20"]
[Site "Porto San Giorgio ITA"]
[Date "1998.08.24"]
[Round "4"]
[White "Mariano, Elia"]
[Black "Genocchio, Daniele"]
[Result "1-0"]
[WhiteElo "2250"]
[BlackElo "2195"]
[PlyCount "51"]
[EventDate "1998.08.21"]

1. d4 f5 2. e4 fxe4 3. Nc3 Nf6 4. Bg5 Nc6 5. d5 Ne5 6. Qd4 Nf7 7. Bxf6 exf6 8.
O-O-O Be7 9. Nxe4 O-O 10. f4 f5 11. Nf2 Bf6 12. Qd2 b5 13. Nf3 Nd6 14. Ne5 Rb8
15. g4 fxg4 16. Nfxg4 Nc4 17. Bxc4 bxc4 18. Rhg1 Kh8 19. c3 Qe7 20. Rde1 Qc5
21. Qg2 Qd6 22. Qh3 Bb7 23. Ng6+ Kg8 24. Nh6+ gxh6 25. Nxf8+ Bg7 26. Nxd7 1-0

[Event "VI C.to Italiano U20"]
[Site "Porto San Giorgio ITA"]
[Date "1998.08.24"]
[Round "4"]
[White "Pulito, Alberto"]
[Black "Stoll, Thomas"]
[Result "1-0"]
[WhiteElo "1774"]
[BlackElo "2280"]
[PlyCount "69"]
[EventDate "1998.08.21"]

1. e4 c5 2. c3 Nf6 3. e5 Nd5 4. d4 cxd4 5. Nf3 Nc6 6. cxd4 e6 7. Bc4 d6 8. O-O
Be7 9. Bxd5 exd5 10. Nc3 dxe5 11. dxe5 Be6 12. Nd4 Nxd4 13. Qxd4 Qa5 14. Be3
O-O 15. f4 g6 16. Rad1 Rfd8 17. h3 Rac8 18. Qxa7 Qb4 19. Qb6 Rc4 20. a3 Qxb6
21. Bxb6 Rd7 22. Bd4 Rdc7 23. g4 Rxd4 24. Rxd4 Bxa3 25. bxa3 Rxc3 26. f5 Bd7
27. Rxd5 Bc6 28. Rd8+ Kg7 29. f6+ Kh6 30. e6 Rc2 31. Rf2 Rc1+ 32. Kh2 Rh1+ 33.
Kg3 g5 34. Rfd2 Rg1+ 35. Kf2 1-0

[Event "VI C.to Italiano U20"]
[Site "Porto San Giorgio ITA"]
[Date "1998.08.25"]
[Round "5"]
[White "Barbiso, Tiziana"]
[Black "Tomba, Ivan"]
[Result "0-1"]
[WhiteElo "1846"]
[BlackElo "2035"]
[PlyCount "36"]
[EventDate "1998.08.21"]

1. e4 c5 2. c3 d5 3. exd5 Qxd5 4. d4 Nf6 5. Nf3 Bg4 6. Nbd2 Nc6 7. Bc4 Bxf3 8.
gxf3 Qf5 9. Qb3 O-O-O 10. Bxf7 Nd5 11. Bxd5 Rxd5 12. Ne4 e6 13. Rg1 Qxf3 14.
Qc2 cxd4 15. Qe2 Ne5 16. Ng5 Qf5 17. c4 d3 18. Qd1 d2+ 0-1

[Event "VI C.to Italiano U20"]
[Site "Porto San Giorgio ITA"]
[Date "1998.08.25"]
[Round "5"]
[White "De Bortoli, Peter"]
[Black "Cacco, Christian"]
[Result "1-0"]
[WhiteElo "2215"]
[BlackElo "2190"]
[PlyCount "75"]
[EventDate "1998.08.21"]

1. e4 c6 2. Nf3 d5 3. Nc3 g6 4. d4 dxe4 5. Nxe4 Bg7 6. Bc4 Nf6 7. Nxf6+ Bxf6 8.
O-O Bg4 9. c3 O-O 10. Bh6 Bg7 11. Bxg7 Kxg7 12. d5 Kg8 13. h3 Bxf3 14. Qxf3 Nd7
15. dxc6 Ne5 16. Qe4 Nxc6 17. h4 Qd2 18. h5 Qg5 19. hxg6 hxg6 20. Bd5 Qf6 21.
Rfe1 Rfe8 22. Re3 Nd8 23. Rf3 Qb6 24. Re1 Rc8 25. Qh4 e6 26. Rh3 Kg7 27. Qh7+
Kf8 28. Qh4 Kg7 29. g4 Rg8 30. Bb3 Rc6 31. Qh6+ Kf6 32. Qh7 Rf8 33. Qh4+ g5 34.
Qh6+ Ke7 35. Qxg5+ Kd7 36. Rd3+ Rd6 37. Rxd6+ Kxd6 38. Rd1+ 1-0

[Event "VI C.to Italiano U20"]
[Site "Porto San Giorgio ITA"]
[Date "1998.08.25"]
[Round "5"]
[White "Pulito, Alberto"]
[Black "Mariano, Elia"]
[Result "1/2-1/2"]
[WhiteElo "1774"]
[BlackElo "2250"]
[PlyCount "111"]
[EventDate "1998.08.21"]

1. e4 d5 2. exd5 Qxd5 3. Nc3 Qa5 4. d4 Nf6 5. Nf3 Bg4 6. Bc4 e6 7. h3 Bh5 8.
Bd2 c6 9. Bb3 Nbd7 10. Qe2 Qc7 11. g4 Bg6 12. Ne5 Nxe5 13. dxe5 Nd7 14. f4
O-O-O 15. O-O-O h5 16. Rhf1 hxg4 17. hxg4 Nc5 18. Be3 Nxb3+ 19. axb3 Bb4 20.
Na4 b5 21. Nc5 Qb6 22. Nd3 Bxd3 23. Rxd3 Bc5 24. Bxc5 Qxc5 25. Rfd1 Rxd3 26.
Qxd3 Qd5 27. Qe2 Rh1 28. Rxh1 Qxh1+ 29. Qd1 Qe4 30. Qf1 g5 31. fxg5 Qxe5 32.
Kb1 Qxg5 33. Qxf7 Qxg4 34. Qe8+ Kc7 35. Qe7+ Kb6 36. Qd8+ Kc5 37. Qe7+ Kd5 38.
Qd7+ Ke5 39. Qxc6 Qg1+ 40. Ka2 Qb6 41. Qc3+ Kd6 42. Qd3+ Kc7 43. Qh7+ Kb8 44.
Qe7 Qc6 45. c3 Qd5 46. Qf7 a5 47. Qf4+ e5 48. Qf8+ Kc7 49. Qe7+ Kb6 50. Qf6+
Kc5 51. Qe7+ Qd6 52. Qa7+ Qb6 53. Qe7+ Kd5 54. Qd7+ Ke4 55. Qg4+ Kd5 56. Qd7+
1/2-1/2

[Event "VI C.to Italiano U20"]
[Site "Porto San Giorgio ITA"]
[Date "1998.08.26"]
[Round "6"]
[White "Cacco, Christian"]
[Black "Arnetta, Marianna"]
[Result "1-0"]
[WhiteElo "2190"]
[BlackElo "1660"]
[PlyCount "61"]
[EventDate "1998.08.21"]

1. d4 e6 2. Nf3 d5 3. c4 Nf6 4. Nc3 c6 5. Bg5 Be7 6. e3 Nbd7 7. Rc1 O-O 8. Bd3
Re8 9. O-O dxc4 10. Bxc4 Nf8 11. Qc2 Ng6 12. Rfd1 Qa5 13. e4 b5 14. Bb3 Bb7 15.
e5 Nd5 16. Ne4 Qb6 17. h4 h6 18. Bxe7 Rxe7 19. g3 Rc8 20. Qc5 Rec7 21. Nd6 Nge7
22. Nxc8 Rxc8 23. Nd2 a5 24. Ne4 Qxc5 25. Rxc5 a4 26. Bxd5 exd5 27. Nd6 Rb8 28.
b3 a3 29. b4 Bc8 30. Rc3 Ra8 31. Rdd3 1-0

[Event "VI C.to Italiano U20"]
[Site "Porto San Giorgio ITA"]
[Date "1998.08.26"]
[Round "6"]
[White "Coratella, Giuseppe"]
[Black "Sabia, Corrado"]
[Result "1-0"]
[WhiteElo "1939"]
[BlackElo "1912"]
[PlyCount "49"]
[EventDate "1998.08.21"]

1. e4 c5 2. Nf3 e6 3. d4 cxd4 4. Nxd4 Nf6 5. Nc3 d6 6. g4 Nc6 7. Be3 a6 8. g5
Nd7 9. Qd2 Qc7 10. f4 Nxd4 11. Bxd4 b5 12. O-O-O Bb7 13. Bg2 b4 14. Ne2 Rc8 15.
Kb1 e5 16. Be3 exf4 17. Bxf4 Ne5 18. Nd4 g6 19. Qxb4 Bg7 20. Qa4+ Ke7 21. Rhf1
Qb6 22. Bxe5 Bxe5 23. Rxf7+ Kxf7 24. Qd7+ Kg8 25. Bh3 1-0

[Event "VI C.to Italiano U20"]
[Site "Porto San Giorgio ITA"]
[Date "1998.08.26"]
[Round "6"]
[White "Costantini, Roberto"]
[Black "Genocchio, Daniele"]
[Result "1/2-1/2"]
[WhiteElo "2190"]
[BlackElo "2195"]
[PlyCount "103"]
[EventDate "1998.08.21"]

1. e4 c5 2. Nf3 d6 3. d4 cxd4 4. Nxd4 Nf6 5. Nc3 g6 6. Be3 Nc6 7. f3 Bg7 8. Qd2
Bd7 9. O-O-O Rc8 10. Kb1 O-O 11. g4 Ne5 12. h4 h5 13. gxh5 Nxh5 14. Rg1 Kh7 15.
Be2 Nc4 16. Bxc4 Rxc4 17. Nde2 b5 18. Bd4 Bh6 19. Be3 Bg7 20. Bd4 Bxd4 21. Nxd4
Qb8 22. Nf5 Bxf5 23. exf5 Qc8 24. fxg6+ fxg6 25. Qg5 Qe8 26. Rde1 e5 27. Ne4
Rf5 28. Qg4 Rd4 29. c3 Rd3 30. Kc2 Rd5 31. b3 Rf4 32. Qg2 b4 33. c4 Rd4 34. Nf2
d5 35. Nd3 dxc4 36. Nxf4 cxb3+ 37. axb3 Nxf4 38. Qg5 Qc6+ 39. Kb1 Rd2 40. Qe7+
Kh6 41. Qg5+ Kh7 42. Qe7+ Kg8 43. Rc1 Qd7 44. Qxd7 Rxd7 45. Rc8+ Kf7 46. Kc2
Ne6 47. Rd1 Nd4+ 48. Kb2 Ke6 49. Rc4 Rf7 50. Rxb4 Rxf3 51. Rbxd4 exd4 52. Rxd4
1/2-1/2

[Event "VI C.to Italiano U20"]
[Site "Porto San Giorgio ITA"]
[Date "1998.08.26"]
[Round "6"]
[White "Mariano, Elia"]
[Black "De Bortoli, Peter"]
[Result "1-0"]
[WhiteElo "2250"]
[BlackElo "2215"]
[PlyCount "73"]
[EventDate "1998.08.21"]

1. d4 Nf6 2. c4 e6 3. Nc3 Bb4 4. Qc2 c5 5. dxc5 O-O 6. Nf3 Nc6 7. a3 Bxc5 8.
Bg5 Nd4 9. Nxd4 Bxd4 10. e3 Qa5 11. exd4 Qxg5 12. Qd2 Qg4 13. f3 Qh4+ 14. Qf2
Qf4 15. Qd2 Qc7 16. Bd3 b6 17. O-O Ba6 18. Rac1 Nh5 19. Ne2 Rac8 20. b4 Qd8 21.
c5 Bb7 22. cxb6 axb6 23. Rxc8 Qxc8 24. a4 Qa8 25. a5 bxa5 26. bxa5 Ba6 27. Bxa6
Qxa6 28. Rb1 h6 29. Rb6 Qa7 30. Qb4 Nf6 31. Nc3 Ra8 32. a6 g6 33. Qc5 d6 34.
Rxd6 Qxc5 35. dxc5 Ne8 36. Rc6 Kf8 37. Nb5 1-0

[Event "VI C.to Italiano U20"]
[Site "Porto San Giorgio ITA"]
[Date "1998.08.27"]
[Round "7"]
[White "Castaldo, Folco"]
[Black "Tomba, Ivan"]
[Result "0-1"]
[WhiteElo "2180"]
[BlackElo "2035"]
[PlyCount "50"]
[EventDate "1998.08.21"]

1. e4 c5 2. c3 d5 3. exd5 Qxd5 4. d4 Nf6 5. Nf3 Bg4 6. Be2 e6 7. h3 Bh5 8. O-O
Nc6 9. Be3 cxd4 10. cxd4 Be7 11. Nc3 Qd6 12. a3 Rc8 13. Qb3 O-O 14. Rfd1 Nd5
15. Ne4 Qb8 16. Rac1 Rfd8 17. Nc5 b6 18. Nd3 Bf6 19. Nde1 Nf4 20. Ba6 Na5 21.
Qa4 Rxc1 22. Rxc1 Nd5 23. b4 Nb7 24. Qc6 Nd6 25. a4 Nxb4 0-1

[Event "VI C.to Italiano U20"]
[Site "Porto San Giorgio ITA"]
[Date "1998.08.27"]
[Round "7"]
[White "De Bortoli, Peter"]
[Black "Franchini, Gabriele"]
[Result "1-0"]
[WhiteElo "2215"]
[BlackElo "2195"]
[PlyCount "39"]
[EventDate "1998.08.21"]

1. f4 e5 2. e4 exf4 3. Nf3 Ne7 4. d4 d5 5. Bd3 dxe4 6. Bxe4 Nd5 7. O-O Be7 8.
c4 Ne3 9. Bxe3 fxe3 10. Nc3 Nd7 11. Bc2 Nf6 12. Qd3 Bg4 13. Rae1 Bh5 14. Qxe3
Bg6 15. Ba4+ Kf8 16. Ne5 c6 17. Bxc6 bxc6 18. Nxc6 Qd6 19. Nxe7 Re8 20. Rxf6
1-0

[Event "VI C.to Italiano U20"]
[Site "Porto San Giorgio ITA"]
[Date "1998.08.27"]
[Round "7"]
[White "Drabke, Lorenz Maximilian"]
[Black "Mariano, Elia"]
[Result "1/2-1/2"]
[WhiteElo "1906"]
[BlackElo "2250"]
[PlyCount "31"]
[EventDate "1998.08.21"]

1. e4 d5 2. exd5 Qxd5 3. Nc3 Qa5 4. d4 Nf6 5. Bc4 c6 6. Nf3 Bf5 7. Bd2 e6 8.
Qe2 Nbd7 9. O-O-O Qc7 10. Nh4 Bg6 11. Nxg6 hxg6 12. d5 cxd5 13. Nxd5 Nxd5 14.
Bxd5 O-O-O 15. Bf3 Bc5 16. Be3 1/2-1/2

[Event "VI C.to Italiano U20"]
[Site "Porto San Giorgio ITA"]
[Date "1998.08.27"]
[Round "7"]
[White "Genocchio, Daniele"]
[Black "Cacco, Christian"]
[Result "1/2-1/2"]
[WhiteElo "2195"]
[BlackElo "2190"]
[PlyCount "91"]
[EventDate "1998.08.21"]

1. e4 d6 2. d4 Nf6 3. Nc3 g6 4. f3 Bg7 5. Be3 c6 6. Qd2 b5 7. g4 O-O 8. Nge2
Re8 9. g5 Nfd7 10. Ng3 Qa5 11. a3 Na6 12. Kf2 Nc7 13. h4 c5 14. Be2 b4 15. axb4
Qxb4 16. Ra4 Qb6 17. b3 Bb7 18. Rc4 cxd4 19. Bxd4 Bxd4+ 20. Qxd4 Ne6 21. Qe3 a5
22. Na4 Qxe3+ 23. Kxe3 Kg7 24. Ra1 f6 25. Nb2 Nb6 26. gxf6+ exf6 27. Rc3 d5 28.
Kf2 dxe4 29. fxe4 Re7 30. Rg1 Kh8 31. Bf3 Nf4 32. Rd1 a4 33. bxa4 Nxa4 34. Nxa4
Rxa4 35. Rd6 Kg7 36. Rb3 Bc8 37. Rb8 Be6 38. Ke3 Nh3 39. Rxe6 Rxe6 40. Bg4 Rc6
41. Bxh3 Rxc2 42. Rb7+ Kh6 43. Rb3 f5 44. exf5 Rxh4 45. Bf1 Rc6 46. Bg2 1/2-1/2

[Event "VI C.to Italiano U20"]
[Site "Porto San Giorgio ITA"]
[Date "1998.08.27"]
[Round "7"]
[White "Pulito, Alberto"]
[Black "Costantini, Roberto"]
[Result "0-1"]
[WhiteElo "1774"]
[BlackElo "2190"]
[PlyCount "124"]
[EventDate "1998.08.21"]

1. e4 c5 2. c3 Nf6 3. e5 Nd5 4. d4 cxd4 5. Nf3 d6 6. cxd4 Nc6 7. Bc4 Nb6 8. Bb3
dxe5 9. Nxe5 e6 10. Be3 Be7 11. O-O O-O 12. Nc3 Bf6 13. Nf3 Nb4 14. Rc1 N6d5
15. a3 Nxc3 16. bxc3 Nc6 17. Bf4 b6 18. Re1 Bb7 19. Ne5 Na5 20. Ba2 Rc8 21. Qg4
Bd5 22. c4 Bb7 23. Bg3 Nc6 24. Nxc6 Bxc6 25. d5 exd5 26. cxd5 Bd7 27. Qf3 Rxc1
28. Rxc1 Bb2 29. Rd1 Ba4 30. Re1 Qg5 31. Bf4 Qf6 32. Qg3 Rc8 33. Bg5 Qf5 34.
Bd2 Bd4 35. h3 h5 36. h4 Qf6 37. Bg5 Qf5 38. Bd2 Rc2 39. Bb1 Bxf2+ 40. Qxf2
Qxf2+ 41. Kxf2 Rxd2+ 42. Kg1 Rxd5 43. Kh2 Kf8 44. Rc1 Rc5 45. Re1 Bc6 46. Re3
Rc4 47. g3 Rc1 48. Be4 Bxe4 49. Rxe4 Rc2+ 50. Kh3 Rc3 51. a4 g6 52. Kg2 Rc6 53.
Kf2 Rf6+ 54. Kg2 Rf5 55. Rc4 Rc5 56. Re4 f6 57. Kf3 Rf5+ 58. Ke3 Re5 59. Rxe5
fxe5 60. Ke4 Ke7 61. Kxe5 a6 62. Kd5 b5 0-1

[Event "VI C.to Italiano U20"]
[Site "Porto San Giorgio ITA"]
[Date "1998.08.28"]
[Round "8"]
[White "Cacco, Christian"]
[Black "Cortina, Federico"]
[Result "1-0"]
[WhiteElo "2190"]
[BlackElo "1600"]
[PlyCount "85"]
[EventDate "1998.08.21"]

1. d4 Nf6 2. Nf3 g6 3. c4 Bg7 4. Nc3 O-O 5. e4 d6 6. Be2 e5 7. O-O Nc6 8. d5
Ne7 9. Ne1 Nd7 10. Be3 f5 11. exf5 Nxf5 12. Bd2 Nd4 13. Nc2 a5 14. Ne4 Nf6 15.
Bg5 Nxc2 16. Qxc2 Bf5 17. Bd3 Bxe4 18. Bxe4 Qd7 19. f3 Nh5 20. g3 Qe8 21. Rae1
Bf6 22. Bd2 Qd8 23. Qc1 Bg7 24. Re2 Rf7 25. Kg2 Qf8 26. b3 b6 27. a3 Nf6 28.
Bc2 Nd7 29. h4 Nf6 30. g4 Qe7 31. Rh1 Raf8 32. Rh3 Qe8 33. Qb1 Qd7 34. Rg3 e4
35. Bxe4 Nxe4 36. Qxe4 Be5 37. Rh3 Re7 38. Qd3 Qe8 39. h5 Bf6 40. Rxe7 Bxe7 41.
hxg6 hxg6 42. Rh6 Kg7 43. g5 1-0

[Event "VI C.to Italiano U20"]
[Site "Porto San Giorgio ITA"]
[Date "1998.08.28"]
[Round "8"]
[White "Castiglione, Umberto"]
[Black "Pulito, Alberto"]
[Result "1-0"]
[WhiteElo "2185"]
[BlackElo "1774"]
[PlyCount "63"]
[EventDate "1998.08.21"]

1. e4 e6 2. d4 d5 3. Nd2 Nf6 4. e5 Nfd7 5. Bd3 c5 6. c3 Nc6 7. Ne2 cxd4 8. cxd4
f6 9. exf6 Qxf6 10. Nf3 h6 11. Qc2 Bb4+ 12. Bd2 O-O 13. O-O a6 14. Rad1 Bd6 15.
Ng3 Bxg3 16. hxg3 Rd8 17. Bc3 Nf8 18. Rfe1 Bd7 19. a4 Rac8 20. Qb3 Rb8 21. Bb4
Be8 22. Bxf8 Kxf8 23. Qb6 Kg8 24. b4 Bd7 25. Rc1 Rdc8 26. Bb1 Qe7 27. b5 axb5
28. axb5 Nd8 29. Ne5 Rxc1 30. Rxc1 Rc8 31. Rc7 Rxc7 32. Qxc7 1-0

[Event "VI C.to Italiano U20"]
[Site "Porto San Giorgio ITA"]
[Date "1998.08.28"]
[Round "8"]
[White "De Bortoli, Peter"]
[Black "Drabke, Lorenz Maximilian"]
[Result "1/2-1/2"]
[WhiteElo "2215"]
[BlackElo "1906"]
[PlyCount "40"]
[EventDate "1998.08.21"]

1. e4 c5 2. Nf3 Nc6 3. d4 cxd4 4. Nxd4 e6 5. Be3 Nf6 6. Nd2 d5 7. Nxc6 bxc6 8.
c4 d4 9. Bg5 Qa5 10. Bxf6 gxf6 11. a3 Bh6 12. b4 Bxd2+ 13. Kxd2 Qg5+ 14. Kd3
O-O 15. Qf3 e5 16. Qg3 Be6 17. f4 Qxg3+ 18. hxg3 a5 19. Be2 Rfb8 20. f5 Bd7
1/2-1/2

[Event "VI C.to Italiano U20"]
[Site "Porto San Giorgio ITA"]
[Date "1998.08.28"]
[Round "8"]
[White "Franchini, Gabriele"]
[Black "Castaldo, Folco"]
[Result "1-0"]
[WhiteElo "2195"]
[BlackElo "2180"]
[PlyCount "33"]
[EventDate "1998.08.21"]

1. e4 e6 2. d4 d5 3. Nc3 Nf6 4. e5 Nfd7 5. Qh5 c5 6. Nf3 Qb6 7. Ng5 g6 8. Qf3
f5 9. Nxd5 exd5 10. Qxd5 Kd8 11. e6 h6 12. Nf7+ Ke8 13. exd7+ Bxd7 14. Nxh8 Be6
15. Qe5 Nd7 16. Bb5 cxd4 17. O-O 1-0

[Event "VI C.to Italiano U20"]
[Site "Porto San Giorgio ITA"]
[Date "1998.08.28"]
[Round "8"]
[White "Mariano, Elia"]
[Black "Costantini, Roberto"]
[Result "1-0"]
[WhiteElo "2250"]
[BlackElo "2190"]
[PlyCount "67"]
[EventDate "1998.08.21"]

1. d4 d5 2. c4 e6 3. Nc3 Be7 4. cxd5 exd5 5. Bf4 Nf6 6. e3 O-O 7. Bd3 c5 8.
dxc5 Bxc5 9. Nge2 Nc6 10. O-O d4 11. exd4 Nxd4 12. Na4 Nxe2+ 13. Bxe2 Be7 14.
Bf3 Qa5 15. Re1 Be6 16. Nc3 Qb4 17. Qc1 Rac8 18. a3 Qb3 19. Re2 Rfd8 20. Qe1
Rd3 21. Rd2 Rxd2 22. Qxd2 Rd8 23. Qe2 h6 24. h3 Rd7 25. Rd1 Bxa3 26. Rxd7 Nxd7
27. bxa3 Qxc3 28. Bd6 Qd4 29. Bb4 Nc5 30. Qb5 Nd3 31. Qxb7 Qxf2+ 32. Kh2 Qd4
33. Qa8+ Kh7 34. Qe4+ 1-0

[Event "VI C.to Italiano U20"]
[Site "Porto San Giorgio ITA"]
[Date "1998.08.28"]
[Round "8"]
[White "Tomba, Ivan"]
[Black "Genocchio, Daniele"]
[Result "0-1"]
[WhiteElo "2035"]
[BlackElo "2195"]
[PlyCount "40"]
[EventDate "1998.08.21"]

1. e4 c5 2. Nf3 d6 3. d4 cxd4 4. Nxd4 Nf6 5. Nc3 g6 6. Be3 Nc6 7. f3 Bg7 8. Qd2
O-O 9. O-O-O Be6 10. Nxe6 fxe6 11. h4 Rc8 12. h5 Nxh5 13. g4 Ng3 14. Bc4 Qd7
15. Rh3 Rxf3 16. Kb1 Ne5 17. Bb5 Qd8 18. Qe1 Rxc3 19. bxc3 Nxe4 20. Rh4 Qa5 0-1

[Event "VI C.to Italiano U20"]
[Site "Porto San Giorgio ITA"]
[Date "1998.08.29"]
[Round "9"]
[White "Genocchio, Daniele"]
[Black "De Bortoli, Peter"]
[Result "1-0"]
[WhiteElo "2195"]
[BlackElo "2215"]
[PlyCount "59"]
[EventDate "1998.08.21"]

1. e4 c5 2. c3 d5 3. exd5 Qxd5 4. d4 Nf6 5. Nf3 Bg4 6. Be2 e6 7. h3 Bh5 8. O-O
Nc6 9. Be3 cxd4 10. cxd4 Be7 11. Nc3 Qd6 12. Qb3 O-O 13. Rfd1 Nb4 14. Nb5 Qd8
15. Na3 a6 16. Nc4 b5 17. Nce5 Qd5 18. Qxd5 Nfxd5 19. g4 Bg6 20. Nxg6 hxg6 21.
Ne1 f5 22. Bd2 Rac8 23. a4 Nc2 24. Nxc2 Rxc2 25. axb5 axb5 26. Bxb5 fxg4 27.
Bd7 Bh4 28. Bxe6+ Kh8 29. Bxd5 Rxf2 30. Ra8+ 1-0